Online
Catalog

Sartre y la razón dialéctica / (Record no. 15588)

MARC details
000 -CABECERA
campo de control de longitud fija 00731cam a2200229 a 4500
001 - NÚMERO DE CONTROL
campo de control 000016047
005 - FECHA Y HORA DE LA ÚLTIMA TRANSACCIÓN
campo de control 20260203124139.0
008 - DATOS DE LONGITUD FIJA--INFORMACIÓN GENERAL
campo de control de longitud fija 801125s1967 sp b 000 0 spa d
040 ## - FUENTE DE LA CATALOGACIÓN
Centro catalogador/agencia de origen DO-SdBNP
Centro/agencia transcriptor NBuU
Centro/agencia modificador DLC
-- BNPHU
082 ## - NÚMERO DE LA CLASIFICACIÓN DECIMAL DEWEY
Número de clasificación 160
Número de documento/Ítem S717s
049 ## - FONDOS LOCALES (OCLC)
Fondos de biblioteca BNGR
100 1# - ENTRADA PRINCIPAL--NOMBRE DE PERSONA
Nombre de persona Sotelo, Ignacio,
Fechas asociadas al nombre 1936-
9 (RLIN) 36016
245 10 - MENCIÓN DE TÍTULO
Título Sartre y la razón dialéctica /
Mención de responsabilidad, etc. Ignacio Sotelo.
260 ## - PUBLICACIÓN, DISTRIBUCIÓN, ETC.
Lugar de publicación, distribución, etc. Madrid :
Nombre del editor, distribuidor, etc. Tecnos,
Fecha de publicación, distribución, etc. 1967.
300 ## - DESCRIPCIÓN FÍSICA
Extensión 158, [3] p. ;
Dimensiones 22 cm.
504 ## - NOTA DE BIBLIOGRAFÍA, ETC.
Nota de bibliografía, etc. Incluye referencias bibliográficas y notas al pie de las páginas
600 10 - PUNTO DE ACCESO ADICIONAL DE MATERIA--NOMBRE DE PERSONA
Nombre de persona SARTRE, JEAN-PAUL
Fechas asociadas al nombre 1905-1980.
9 (RLIN) 13414
650 #0 - PUNTO DE ACCESO ADICIONAL DE MATERIA--TÉRMINO DE MATERIA
Término de materia o nombre geográfico como elemento de entrada Lógica
9 (RLIN) 332
650 #0 - PUNTO DE ACCESO ADICIONAL DE MATERIA--TÉRMINO DE MATERIA
Término de materia o nombre geográfico como elemento de entrada Existencialismo
9 (RLIN) 36017
650 #4 - PUNTO DE ACCESO ADICIONAL DE MATERIA--TÉRMINO DE MATERIA
Término de materia o nombre geográfico como elemento de entrada Materialismo dialéctico
9 (RLIN) 845
910 ## - DATOS DE OPCIÓN DEL USUARIO (OCLC)
Datos de opción del usuario Catalogación derivada
Holdings
Estado de retiro Estado de pérdida Restricciones de uso No para préstamo Código de colección Localización permanente Ubicación/localización actual Ubicación en estantería Fecha de adquisición Número de inventario Total de préstamos Signatura topográfica completa Código de barras Fecha visto por última vez Número de copia Precio válido a partir de Tipo de ítem Koha
    Préstamo restringido Préstamo restrigido Monografías: Libros y Folletos General General En catalogación 23.02.2010 LF1   160 S717s 16047-10 25.06.2020 e. 1 25.06.2020 Préstamo interno
    Préstamo interno Préstamo restrigido Monografías: Libros y Folletos General General En catalogación 23.02.2010 LF1   160 S717s 16047-20 25.06.2020 e. 2 25.06.2020 Préstamo interno

Powered by Koha